1117 1016 1086 1141 1437 1156 1287 1762 1291 1801 1889 1765 1213 1718 1378 1030 1764 1532 1544 1359 1116 1590 1291 1151 1091 1824 1853 1672 1693 1109 1249 1566 1185 1864 1771 1711 1738 1290 1652 1610 1394 1723 1021 1311 1784 1786 1560 1045 1451 1474 1131 1108 1485 1898 1841 1880 1942 1480 1997 1679 1212 1813 1817 1517 1768 1490 1176 1769 1998 1798 1174 1072 1279 1078 1344 1055 1221 1329 1727 1306 1837 1395 1394 1674 1831 1229 1148 1120 1855 1702 1957 1756 1625 1216 1931 1847 1319 1780 1406 BCNSPRNW ULIB Ver.6.0+V

เปลี่ยนเป็นภาษาไทย

Change to English
 แสดงรายละเอียดบรรณานุกรม
  กลับหน้าหลัก

Brief Record : Get Marc (ISO 2709) : E-mail record : QR code < ปิดหน้าต่าง
LEADER : 00000nam 2200000uu 4500
001    13399111048
003     ULIB
008    110615s||||||||th 000 0 tha d
020    9746436325 (ล.1)
050  4 BF637.C6^bส719จ ล.1 2545
245 00 ทฤษฎีและแนวปฏิบัติในการให้การปรึกษา หน่วยที่ 1-8=^bTheory and Practice in Counseling /^cสาขาวิชาศึกษาศาสตร์ มหาวิทยาลัยสุโขทัยธรรมาธิราช
246 31 Theory and Practice in Counseling
250    พิมพ์ครั้งที่ 1
260    นนทบุรี :^bสำนักพิมพ์ มสธ.,^c2545
300    2 เล่ม
500    เอกสารการสอนชุดวิชาทฤษฎีและแนวปฏิบัติในการให้การปรึกษา
650  7 จิตวิทยา
710 2  มหาวิทยาลัยสุโขทัยธรรมาธิราช. ^bสาขาวิชาศึกษาศาสตร์
945    ^p0^l0^i018918
995    ทศพร
999 ^a ใช้งานได้ทุกระบบ
รายการนี้ยังไม่มีแท็ก
คุณยังไม่ได้ล็อกอิน คุณสามารถมีกิจกรรมร่วมกับเว็บไซต์ได้ แต่ต้องล็อกอินก่อน ::
  ล็อกอิน

รายการสื่อสารสนเทศ

ลำดับที่ ประเภท เลขเรียก/บาร์โค้ด สถานที่ สถานะ
- ไม่พบข้อมูล -

รายการใกล้เคียง
    หัวเรื่อง [จิตวิทยา]

BibComment


ยังไม่เคยถูกคอมเมนท์

คอมเมนท์ทรัพยากรรายการนี้
  คอมเมนท์: ทฤษฎีและแนวปฏิบัต..


 Copyright 2026. Bcnsprnw @Library